| 000 | 00758nam a22002897a 4500 | ||
|---|---|---|---|
| 003 | OSt | ||
| 005 | 20140331133324.0 | ||
| 008 | 140331b xxu||||| |||| 00| 0 eng d | ||
| 020 | _a0590998617 | ||
| 050 |
_aLB 1049.9 _b.T888s43 1997 |
||
| 100 | _aTuchman, Gail. | ||
| 245 |
_aTroll tricks / _cGail Tuchman and Anne Schreiber ; illustrated by Vincent Andriani. |
||
| 260 |
_aNew York : _bScholastic, _cc1997. |
||
| 300 |
_a16 p. : _bcol. ill. ; _c14 cm. |
||
| 440 |
_aScholastic phonics readers _n#43 |
||
| 521 | _aG1 | ||
| 526 | _c200 | ||
| 650 |
_aReading _vPhonetic method. |
||
| 942 |
_2lcc _cBK |
||
| 999 |
_c48802 _d48802 |
||